| 000 | 00538nam a2200169Ia 4500 | ||
|---|---|---|---|
| 999 |
_c13426 _d13426 |
||
| 082 | _aRR.0230 | ||
| 100 | _aRath, Sharada | ||
| 245 | 0 | _aElections in India : A study of the eleventh assembly elections in Orissa, 1995 | |
| 260 |
_c1996 _bIndian Council of Social Science Research, New Delhi |
||
| 300 | _a95p. | ||
| 504 | _aAppendix at the end. | ||
| 650 | _aELECTIONS - INDIA | ||
| 650 | _aELECTIONS - ORISSA - 1995 | ||
| 650 | _aORISSA | ||
| 710 | _aInstitute of Public Policy Studies and Research, Bhubaneswar | ||
| 942 |
_cRP _2ddc |
||